Decentring the fiscal deficit target numbers (Record no. 108059)

000 -LEADER
fixed length control field 00377pab a2200145 454500
008 - FIXED-LENGTH DATA ELEMENTS--GENERAL INFORMATION
fixed length control field 180718b9 May xxu||||| |||| 00| 0 eng d
100 ## - MAIN ENTRY--PERSONAL NAME
Personal name Sivramkrishna, Sashi
245 ## - TITLE STATEMENT
Title Decentring the fiscal deficit target numbers
260 ## - PUBLICATION, DISTRIBUTION, ETC.
Date of publication, distribution, etc. 9 May
300 ## - PHYSICAL DESCRIPTION
Extent p.15-18.
362 ## - DATES OF PUBLICATION AND/OR SEQUENTIAL DESIGNATION
Dates of publication and/or sequential designation 50
650 ## - SUBJECT ADDED ENTRY--TOPICAL TERM
Topical term or geographic name entry element Deficit financing
773 ## - HOST ITEM ENTRY
Main entry heading Economic and Political Weekly
909 ## -
-- 108064
Holdings
Withdrawn status Lost status Damaged status Not for loan Permanent Location Current Location Date acquired Serial Enumeration / chronology Barcode Date last seen Price effective from Koha item type
        Indian Institute of Public Administration Indian Institute of Public Administration 2018-07-19 Volume no: 19, AR108524 2018-07-19 2018-07-19 Articles

Powered by Koha